| 000 | 00797nam a2200265Ia 4500 | ||
|---|---|---|---|
| 003 | OSt | ||
| 005 | 20220924123402.0 | ||
| 006 | a|||||r|||| 00| 0 | ||
| 007 | ta | ||
| 008 | 220923b |||||||| |||| 00| 0 tam d | ||
| 020 | _a9788189945626 (pbk) | ||
| 020 | _c140 | ||
| 024 | _a244105 | ||
| 037 |
_b1185, 28/05/2010, Kalachuvadu Pathipagam _cTextual |
||
| 040 |
_aARTS _cARTS _btam |
||
| 041 |
_2tam _atam |
||
| 082 | _aY1:351.21, 31P9 | ||
| 100 |
_aPerumaal A. Kaa _9192615 |
||
| 245 | 0 | _aCatankil karainta kalaikal | |
| 260 |
_aNagercoil _bKalachuvadu Pathippagam India _c2009 |
||
| 300 |
_a184p. _ccm. |
||
| 650 | _aSOCIOLOGY | ||
| 942 |
_hY1:351.21, 31P9 _cTEXL _2CC |
||
| 999 |
_c415500 _d415500 |
||